Informe anual 2017 : el sistema de la crueldad xi. sobre el sistema de encierro y las políticas de seguridad en la provincia de buenos aires /

Guardado en:
Formato: Libro
Publicado: Buenos Aires : Comisión Provincial por la Memoria, 2017
Materias:
Etiquetas: Agregar Etiqueta
Sin Etiquetas, Sea el primero en etiquetar este registro!
LEADER 00670nam a22001815a 4500
001 CEM.cems014807
005 20171009154504.0
008 130507s2017##################000#0#####d
003 CEMS
082 0 4 |a 323.4 
245 0 0 |a Informe anual 2017 :  |b el sistema de la crueldad xi. sobre el sistema de encierro y las políticas de seguridad en la provincia de buenos aires /  |c Comisión Provincial Por La Memoria 
260 |a Buenos Aires :  |b Comisión Provincial por la Memoria,  |c 2017 
300 |a 387 p. 
653 |a Seguridad 
653 |a Servicio penitenciario 
653 |a Derechos humanos 
653 |a Tortura 
859 |a CEMS  |b BIB. CEMS - 11 de abril  |h 323.4  |i C585-XI  |p 27393.17  |t Ej.1